La calle 10 / (Registro nro. 15638)
[ vista simple ]
| 000 -LEADER | |
|---|---|
| fixed length control field | 01295nam a22002777a 4500 |
| 003 - CONTROL NUMBER IDENTIFIER | |
| control field | OSt |
| 005 - DATE AND TIME OF LATEST TRANSACTION | |
| control field | 20250619154114.0 |
| 008 - FIXED-LENGTH DATA ELEMENTS--GENERAL INFORMATION | |
| fixed length control field | 211202s2020 ck ||||gr|||| 00| 0 spa d |
| 020 ## - INTERNATIONAL STANDARD BOOK NUMBER | |
| International Standard Book Number | 9789585595422 |
| 040 ## - CATALOGING SOURCE | |
| Original cataloging agency | CO-JMCR |
| Transcribing agency | CO-JMCR |
| 041 0# - LANGUAGE CODE | |
| Language code of text/sound track or separate title | spa |
| 082 04 - DEWEY DECIMAL CLASSIFICATION NUMBER | |
| Classification number | A-N |
| Item number | ZAPc |
| Edition number | 23 |
| 100 1# - MAIN ENTRY--PERSONAL NAME | |
| Personal name | Zapata Olivella, Manuel, |
| Relator term | autor |
| 9 (RLIN) | 889 |
| 245 13 - TITLE STATEMENT | |
| Title | La calle 10 / |
| Statement of responsibility, etc. | Manuel Zapata Olivella ; editor, Fredy Javier Ordóñez |
| 250 ## - EDITION STATEMENT | |
| Edition statement | Primera edición |
| 260 ## - PUBLICATION, DISTRIBUTION, ETC. | |
| Place of publication, distribution, etc. | Bogotá : |
| Name of publisher, distributor, etc. | Instituto Distrital de las Artes, Idartes, |
| Date of publication, distribution, etc. | 2020. |
| 300 ## - PHYSICAL DESCRIPTION | |
| Extent | 165 páginas ; |
| Dimensions | 17 cm. |
| 490 0# - SERIES STATEMENT | |
| Series statement | Libro al Viento ; |
| Volume/sequential designation | 151 |
| 505 0# - FORMATTED CONTENTS NOTE | |
| Formatted contents note | Semilla. -- Cosecha. |
| 520 0# - SUMMARY, ETC. | |
| Summary, etc. | «La calle 10 es un paseo turbulentísimo por la Bogotá de los años cuarenta. Es también el retrato de una ciudad que desapareció: atisbamos el paso del tranvía y las chicherías, vemos transitar las carretas y los mulos, e imaginamos las romerías atraídas por la iglesia de Santa Inés. Es, además, el intento de capturar el instante de hastío que enciende el fuego de una sublevación popular»>. |
| 650 14 - SUBJECT ADDED ENTRY--TOPICAL TERM | |
| Source of heading or term | Novela |
| Geographic subdivision | Colombia |
| 9 (RLIN) | 41710 |
| 650 24 - SUBJECT ADDED ENTRY--TOPICAL TERM | |
| Source of heading or term | Relato literario |
| Geographic subdivision | Colombia |
| 9 (RLIN) | 41711 |
| 650 24 - SUBJECT ADDED ENTRY--TOPICAL TERM | |
| Source of heading or term | Tranvías en la literatura |
| Geographic subdivision | Colombia |
| 9 (RLIN) | 41710 |
| 700 1# - ADDED ENTRY--PERSONAL NAME | |
| Personal name | Ordóñez, Fredy Javier, |
| Relator term | editor |
| 9 (RLIN) | 41712 |
| 942 ## - ADDED ENTRY ELEMENTS (KOHA) | |
| Source of classification or shelving scheme | Dewey Decimal Classification |
| Koha item type | Books |
| Withdrawn status | Lost status | Source of classification or shelving scheme | Damaged status | Not for loan | Home library | Current library | Shelving location | Date acquired | Source of acquisition | Total Checkouts | Full call number | Barcode | Date last seen | Copy number | Price effective from | Koha item type |
|---|---|---|---|---|---|---|---|---|---|---|---|---|---|---|---|---|
| Dewey Decimal Classification | Biblioteca Pública José María del Castillo y Rada | Biblioteca Pública José María del Castillo y Rada | General Stacks | 12/02/2021 | Donación | A-N ZAPc | 201811350 | 12/02/2021 | Ej.1 | 12/02/2021 | Books | |||||
| Dewey Decimal Classification | Biblioteca Pública José María del Castillo y Rada | Biblioteca Pública José María del Castillo y Rada | General Stacks | 12/02/2021 | Donación | A-N ZAPc | 201811349 | 12/02/2021 | Ej.2 | 12/02/2021 | Books |